| 000 | 00340nam a2200097Ia 4500 | ||
|---|---|---|---|
| 082 | _a940.531814|FINK | ||
| 245 | 0 | _athis time we went too far : truth and consequences of the Gaza invasion | |
| 100 |
_a Finkelstein, Norman G. Auckland Park, South Africa, 2010 _947311 |
||
| 942 | _cBK | ||
| 008 | 210817s9999 xx 000 0 und d | ||
| 999 |
_c154770 _d154768 |
||